[Event "Brescia Province-ch"]
[Site "Ghedi"]
[Date "2013.01.27"]
[Round "3"]
[White "Brugaletta, Giorgio"]
[Black "Zorzi, Samuele"]
[Result "1-0"]
[WhiteElo "1701"]
[BlackElo "1667"]
[PlyCount "57"]
[EventDate "2013.01.26"]
[EventType "swiss"]
[EventRounds "6"]
[EventCountry "ITA"]
[SourceTitle "EXT 2014"]
[Source "ChessBase"]
[SourceDate "2013.11.20"]
[SourceVersion "1"]
[SourceVersionDate "2013.11.20"]
[SourceQuality "1"]

1. e4 e6 2. d4 d5 3. e5 c5 4. c3 Nc6 5. Nf3 Bd7 6. Bd3 Qb6 7. Qb3 Qc7 8. Qc2 g6 9. 0-0 f6 10. exf6 Nxf6 11. Bg5 Bg7 12. dxc5 Ne5 13. Nxe5 Qxe5 14. Bxf6 Bxf6 15. Nd2 Rc8 16. Rae1 Qh5 17. Nf3 Rxc5 18. Qb3 Rc7 19. Bb5 Bxb5 20. Qxb5+ Kf7 21. Qb4 Rd7 22. Qf4 g5 23. Qa4 Re7 24. Ne5+ Bxe5 25. Rxe5 a6 26. f4 Rg8 27. fxg5+ Kg7 28. Qd4 Qe8 29. Rxe6# 1-0